000 00721cab a2200253 4500
001 WB3204-10
008 090401t1996 xxu||||| |||| 00| 0 eng d
035 _a(Sirsi) u8355
041 _aeng
245 _aNew hotel-style offices
260 _c1996
350 _a0
490 _aProperty Week
_v54(4) 25 January 1996, 5(1)
520 _aThe NatWest Tower is to be let as the City of London`s first hotel-style serviced office building.
650 _aCITY OF LONDON
650 _aFACILITIES MANAGEMENT
_96240
650 _aHOTEL-STYLE OFFICES
650 _aHOTELLING
650 _aNATWEST TOWER
650 _aSERVICED OFFICES
690 _aPROPERTY-COMMERCIAL PROPERTY
942 _n0
948 _c04/03/1997
999 _c5135
_d5135